| 000 | 00604nam a2200181 a 4500 | ||
|---|---|---|---|
| 005 | 20230318063622.0 | ||
| 008 | 991125s1975 bue 000 0 spa u | ||
| 035 | _aUPN01000010257 | ||
| 049 | _aCG | ||
| 050 | 4 |
_aLB1528 _bM3.28 |
|
| 100 | 1 | _aMac Ginitie, Walter H. | |
| 245 | 1 | 3 |
_aLa comprensión del lenguaje en la educación / _cWalter H. Mac Ginitie ; tr. Margarita Mizraji. |
| 260 |
_aBuenos Aires : _bPaidós, _c1975. |
||
| 300 | _a102 p. | ||
| 440 | 0 |
_aBiblioteca del educador contemporáneo ; _pSerie menor ; _vv. 185 |
|
| 650 | 4 |
_aLenguaje y lenguas _xEstudio y enseñanza _96150 |
|
| 905 | _aLibro | ||
| 999 |
_c10257 _d10257 |
||